01345nab a22002657a 4500003000400000005001700004008004100021040000700062100002100069245016500090260007300255300001500328500003600343505032100379505008200700650001800782650001900800650002900819650001500848650003000863651001100893651001300904651001300917773014900930OSt20251218100059.0190429b xxu||||| |||| 00| 0 spa d cPJ aSarcedo, Leandro10aConsecuencias penales del consentimiento y práctica médica contemporánea. Comparación de los modelos de Brasil, España y Portugal / cLeandro Sarcedo. cCiudad Autónoma de Buenos Aires :aThomson Reuters La Ley, b2025. ap. 199-223 aCita: TR LALEY AR/DOC/405/2025. aSumario: I. Introducción.— II. Consecuencias dogmáticas del consentimiento del titular del bien jurídico penal.— III. Consentimiento informado.— IV. Bioética y ampliación de las posibilidades de consentimiento del titular del bien jurídico.— V. Conclusiones.— VI. Referencias bibliográficas.  tSi te interesa el texto completo, solicitalo a koha@justierradelfuego.gov.ar  0aDERECHO PENAL 0aCONSENTIMIENTO 0aCONSENTIMIENTO INFORMADO 0aBIOÉTICA 0aBIEN JURÍDICO PROTEGIDO 0aBRASIL 0aPORTUGAL 0aESPAÑA0 02658tRevista de derecho penal y criminología. Nº 3 - Abril 2025dCiudad Autónoma de Buenos Aires : Thomson Reuters La Ley, 2017-x00347914